00908nam a22002177a 4500003000500000005001700005008004100022010001100063011001100074035001100085040000900096100005400105245019600159260004000355500006000395502011700455650002700572650001100599650001600610856006400626CHAP20220329143910.0120628s2012 mx r 00010 spa d a103465 a104437 a115127 cCHAP1 aGonzález Domínguez, María de los Ángeles.10aElaboración de un atole integral como alternativa de uso del trigo (Triticum aestivum) producido en el Estado de Méxicoh[En línea]c/por María de los Ángeles González Domínguez aChapingo, Méx. :bEl autor,c2012 aPara ver el contenido del material haga clic en la liga aTesis (Ing. Agr. Esp. en Ingeniería Agroindustrial) UACH. Departamento de Ingeniería Agroindustrial04aSolución (Química)04aTrigo.04aViscosidad. 3Finding aiduhttp://10.13.5.2/tesis/115127.pdfzTeclea aqui